00493nam a2200109Ia 4500008004100000100002400041245014300065260006300208300002000271650001700291856007500308160712s9999 xx 000 0 und d aManahan, Mary Ann . cMary Ann ManahanaBanking on the Rural Poor?: Critical Insights and Policy Questions on Foreign Aid and Agrarian Reform in the Philippines c2011bKasarinlan Philippine Journal of Third World Studies avol. 26 no. 1-2 xINDEPENDENCE uhttp://journals.upd.edu.ph/index.php/kasarinlan/issue/view/331/showToc